The four queens of crime : a mystery / Rosanne ... Read More
Available copies
- 1 of 2 copies available at LARL/NWRL Consortium.
- 1 of 2 copies available at Lake Agassiz Regional Library. (Show preferred library)
Current holds
0 current holds with 2 total copies.
Show Only Available Copies
| Location | Call Number / Copy Notes | Barcode | Shelving Location | Status | Due Date |
|---|---|---|---|---|---|
| Barnesville Public Library | M LIM (Text) | 33500014173777 | Main | Checked out | 07/14/2026 |
| McIntosh Public Library | M LIM (Text) | 33500014173785 | Main | Available | - |
Record details
- ISBN: 9798892420600
- ISBN: 9798892422277
- Physical Description: x, 306 pages ; 22 cm
- Edition: First edition.
- Publisher: New York, NY : Crooked Lane Books, 2025.
- Copyright: ©2025
Content descriptions
| Summary, etc.: | In 1938 London, Detective Chief Inspector Lilian ... Read More |
Search for related items by subject
| Genre: | Detective and mystery fiction. Historical fiction. Novels. |
| LDR | 02002cam a2200493 i 4500 | ||
|---|---|---|---|
| 001 | 448356 | ||
| 003 | LARL_NWRL_CONSORTIUM | ||
| 005 | 20250324164321.0 | ||
| 008 | 250305t20252025nyu 000 1 eng d | ||
| 040 | . | ‡aNjBwBT ‡beng ‡erda ‡cOQX ‡dOCLCO ‡dJAS ‡dOCLCO ‡dIG# ‡dCHY ‡dJST ‡dOQX ‡dIMT | |
| 020 | . | ‡a9798892420600 ‡q(hardcover) | |
| 020 | . | ‡a9798892422277 ‡q(paperback) | |
| 035 | . | ‡a(OCoLC)1504372394 | |
| 043 | . | ‡ae-uk-en | |
| 082 | 0 | 4. | ‡a813/.6 ‡223/eng/20250304 |
| 100 | 1 | . | ‡aLimoncelli, Rosanne, ‡eauthor. |
| 245 | 1 | 4. | ‡aThe four queens of crime : ‡ba mystery / ‡cRosanne Limoncelli. |
| 250 | . | ‡aFirst edition. | |
| 264 | 1. | ‡aNew York, NY : ‡bCrooked Lane Books, ‡c2025. | |
| 264 | 4. | ‡c©2025 | |
| 300 | . | ‡ax, 306 pages ; ‡c22 cm | |
| 336 | . | ‡atext ‡btxt ‡2rdacontent | |
| 337 | . | ‡aunmediated ‡bn ‡2rdamedia | |
| 338 | . | ‡avolume ‡bnc ‡2rdacarrier | |
| 520 | . | ‡aIn 1938 London, Detective Chief Inspector Lilian Wyles enlists Agatha Christie, Dorothy L. Sayers, Ngaio Marsh, and Margery Allingham to unravel the mystery of a baronet's murder during a high-society gala, navigating a web of suspects with personal and political motives. | |
| 600 | 1 | 0. | ‡aChristie, Agatha, ‡d1890-1976 ‡vFiction. |
| 600 | 1 | 0. | ‡aSayers, Dorothy L. ‡q(Dorothy Leigh), ‡d1893-1957 ‡vFiction. |
| 600 | 1 | 0. | ‡aMarsh, Ngaio, ‡d1895-1982 ‡vFiction. |
| 600 | 1 | 0. | ‡aAllingham, Margery, ‡d1904-1966 ‡vFiction. |
| 650 | 0. | ‡aWomen authors ‡vFiction. ‡0(LARL_NWRL_CONSORTIUM)167920 | |
| 650 | 0. | ‡aWomen detectives ‡vFiction. ‡0(LARL_NWRL_CONSORTIUM)167906 | |
| 650 | 0. | ‡aMurder ‡xInvestigation ‡vFiction. ‡0(LARL_NWRL_CONSORTIUM)166203 | |
| 651 | 0. | ‡aLondon (England) ‡vFiction. ‡0(LARL_NWRL_CONSORTIUM)165879 | |
| 655 | 7. | ‡aDetective and mystery fiction. ‡2lcgft | |
| 655 | 7. | ‡aHistorical fiction. ‡2lcgft | |
| 655 | 7. | ‡aNovels. ‡2lcgft | |
| 901 | . | ‡a448356 ‡bOCoLC ‡c448356 ‡tbiblio ‡soclc | |

Add to basket
Permalink
Enable Highlighting